00828nam a2200193 a 450000100100000000500170001000800410002702000150006804000250008308200150010810000280012324000540015124500830020526000400028830000280032859000750035695201860043199900170061700003497820200930074026.0111024s1974 sp a 000 0 spa d a8420620882 aDO-SdBNPbspacBNPHU axxxbC244d1 aCaplow, Theodore96057710aTwo againts one : Coalitions in triadslespañol10aDos contra uno :bteoría de coaliciones en las tríadas /cTheodore Caplow. aMadrid :bAlianza Editorial,c1974. a213 p. :bil. ;c20 cm. aPerteneció a la biblioteca personal de Juan Isidro Jimenes Grullón 001050718MOaGRbGRcCTd2011-10-24iLF1l0oxxx C244dp34978-10r2020-06-25w2020-06-25y1zPerteneció a la biblioteca personal de Juan Isidro Jimenes- GrullónZNo se presta c34469d34469